000 00890nam a22002777a 4500
001 BR8502529
003 BR-BrBNA
005 20230928092154.0
007 ta
008 230509b bl.||||| |||| 00| 0 por d
040 _aBR-BrBNA
_bpor
_cBiblioteca Nacional de Agricultura
041 _a(Por)
072 _aD10
_b/G514
090 _ D10 BR8502529
100 1 _aCordeiro, C. (ed.)
110 1 _aDelegacia Federal de Agricultura de Pernambuco, Recife (Brasil)
_93056
245 1 _aRelatorio de avaliacao do desempenho fisico e financeiro dos projetos/atividades periodo: janeiro/setembro de 1985 [Pernambuco, Brasil]
260 3 _aRecife, PE (Brasil):
_c1985.
300 _a37 p.
650 _aADMINISTRACAO PUBLICA
650 _aPROJETO DE DESENVOLVIMENTO
650 _aDESENVOLVIMENTO AGRICOLA
650 _aPERNAMBUCO
909 _a202309
_bLucia
_c55
_dLucia Elande
942 _cBK
999 _c37508
_d37508